000 00347nam a2200133 a 4500
005 20140412111419.0
008 070906s19uu xx 00 eng d
020 _a983-00-1902-0
050 _aTR(GS 372.3
_bP91 2007
245 _aPre-Primary Science.Ages 5-7.
260 _aMalaysia :
_bPelangi books,
_c2006.
300 _a96p.
999 _c105947
_d105947